000 00348nam a22001697a 4500
003 UA-OsUOA
001 4206
007 ta
008 20050721b un ||||| |||| 00| 0 ukr d
100 _aThackeray
700 _aW. M.
942 _cBK
040 _aUA-OsUOA
_cUA-OsUOA
_dUA-OsUOA
245 _aVanity Fair.
_bReading
955 _a2
650 7 _2UDC
999 _c290368
_d290368